| 000 | nam a22 a 4500 | ||
|---|---|---|---|
| 999 |
_c129977 _d129977 |
||
| 003 | BLK | ||
| 005 | 20221205112745.0 | ||
| 008 | 180409b bul|||||r ||||||| ||bul|| | ||
| 010 | _aKNG00135722000 | ||
| 040 | _aBLK | ||
| 041 |
_aBUL _cBUL |
||
| 080 |
_aСпециално обучение като елемент на общообразователното обучение - Обучение по техника, домакинство, селско стопанство и др. _b373.6 _x(072) _z373.6(072) |
||
| 100 | 1 |
_aБожков, Николай Лилов _eпърви автор _9321924 |
|
| 139 |
_aБожков, Николай Лилов и др. _bБ 57 |
||
| 245 | 1 | 0 |
_aТрудово обучение _bРъководство за учителя на IV кл. на ЕСПУ _cНиколай Лилов Божков; съавт. Христина Н. Копарова; съавт. Лиляна Кр. Ярославска. |
| 250 | _a2. прераб. изд. | ||
| 257 | _aBGR | ||
| 260 |
_bНар. просв. _c1979 _fВ. Търново : Д. Найденов _aСофия |
||
| 300 |
_a136 с. _bс ил. _c20 см |
||
| 380 | _a3 | ||
| 500 | _aАвт. не са отбелязани на кор. - 1. изд. 1976. -10 082 тир. - Библиогр. с. 133-134. | ||
| 650 | 4 |
_aТрудово обучение - методика на преподаването _9243842 |
|
| 653 | _aтрудово обучение | ||
| 653 | _aметодика на преподаването | ||
| 653 | _aІV кл. | ||
| 653 | _aкнига за учителя | ||
| 700 | 1 |
_aКопарова, Христина Николова _eсъавт. _982256 |
|
| 700 | 1 |
_aЯрославска, Лиляна Крумова _eсъавт. _9146079 |
|
| 852 |
_aЦб 99931 _bЦб |
||
| 856 | 4 |
_qpdf _i0.00 _ldisable |
|
| 856 | 4 |
_qpdf _i0.00 _ldisable |
|
| 942 |
_cKNG _n0 _s1 |
||
| 944 |
_aCR _c31.10.2012 _l31.10.2012 - от С1,Р / 31.10.2012 _kЛюдмила_Стоянова |
||
| 944 |
_aED _c31.10.2012 _l31.10.2012 - от С1,Р / 31.10.2012 |
||
| 944 |
_aED _c2022-12-05 _l2022-12-05 |
||
| 999 | _d129977 | ||